Phân tích diễn ngôn một số vấn đề lí luận và phương pháp
שמור ב:
| מחבר ראשי: | |
|---|---|
| פורמט: | ספר |
| שפה: | Vietnamese |
| יצא לאור: |
Hà Nội
Đại học Quốc gia Hà Nội
2008
|
| מהדורה: | In lần thứ hai |
| נושאים: | |
| תגים: |
הוספת תג
אין תגיות, היה/י הראשונ/ה לתייג את הרשומה!
|
| Thư viện lưu trữ: | Trung tâm Học liệu Lê Vũ Hùng, Trường Đại học Đồng Tháp |
|---|
| LEADER | 00985pam a22003138a 4500 | ||
|---|---|---|---|
| 001 | 00037214 | ||
| 005 | 20171026081025.0 | ||
| 008 | 170510s2008 ||||||viesd | ||
| 041 | 0 | # | |a vie |
| 082 | 1 | 4 | |a 495.922 |b PH121T |
| 100 | 1 | # | |a Nguyễn, Hòa |
| 245 | 0 | 0 | |a Phân tích diễn ngôn một số vấn đề lí luận và phương pháp |c Nguyễn Hòa |
| 250 | # | # | |a In lần thứ hai |b có sửa chữa |
| 260 | # | # | |a Hà Nội |b Đại học Quốc gia Hà Nội |c 2008 |
| 300 | # | # | |a 309 tr. |c 21 cm. |
| 653 | # | # | |a Diễn ngôn |
| 653 | # | # | |a Đặc điểm |
| 653 | # | # | |a Tiếng Việt |
| 653 | # | # | |a Phương pháp |
| 653 | # | # | |a Lí luận |
| 653 | # | # | |a Ngôn ngữ |
| 653 | # | # | |a Phân tích |
| 852 | # | # | |j KD.0020019 |
| 852 | # | # | |b Kho đọc |j KD.0020019 |
| 910 | 0 | # | |d 10/05/2017 |
| 980 | # | # | |a Trung tâm Học liệu Lê Vũ Hùng, Trường Đại học Đồng Tháp |